000 00295nam a22001217a 4500
040 _cRUA
082 _aOXF LIZ 2009 C160 Or.
100 _aLIZ& JOHN SOARS
245 _aNew Headway Intermediate Student's book.
260 _aPHNOM PENH
_bRUA
_c2009
300 _a159p.
_bill.
_c29cm.
942 _cEK
999 _c25510
_d25510